Jak dobrze znasz przebój K. Krawczyka "Parostatek"? - Statystyki

Ogólne statystyki
  • Ten quiz został rozwiązany 25 razy
  • Średni wynik to 8 z 11
Statystyki odpowiedzi
Tekst Luka % Poprawnych
W starym albumie u mego .....Jest takie zdjęcie, istny cud dziadka
100%
Parostatkiem w piękny rejs, .... na parę w piękny rejs statkiem
100%
Dobry .... to zdjecie zrobiłWszystko jak żywe, aż się cni fotograf
86%
Marynarze proszę .... wychylać się za burtę nie
86%
Dziadek bosmanem był na tym statkuWsród ..... wzbudzał wiecznie strach majtków
77%
Kąpielowy kostium włóż i na pokładzie ciało złóżBo tutaj szum ...., bo tutaj głosem dziewczyny maszyny
73%
Lecz kiedy .... fajkę zapalił dziadek
68%
Przy wtórze klątw ...., głośnych krzyków aż od rana bosmana
50%
Dziadek coś nucił, .... się paliłMarzył, by wieki mogł tam trwać tytoń
50%
Krzyczał, aż drżały na brzegach ....Cała załoga stała we łzach kwiatki
36%
Tłum marynarzy pokład mu zdobi..... na górze pięknie lśni Słońce
36%
Nie znaleziono quizów pasujących do podanych kryteriów
Rozkład punktacji
Procent ludzi z każdym wynikiem
Percentyl według liczby udzielonych odpowiedzi
Twoja historia wyników
Nie rozwiązałeś tego quizu